000
00311nam a22001337a 4500
008
171023b xxu||||| |||| 00| 0 eng d
020
_a
0131189506
041
_a
eng
080
_a
338
100
_a
54
101
_a
MEN
245
_a
CASES IN PRODUCTION AND OPERATIONS MANAGEMENT
_c
MEIER,R.C
942
_2
udc
_c
BK
999
_c
35428
_d
35428